A sky beyond the storm / (Record no. 366430)
[ view plain ]
| 000 -LEADER | |
|---|---|
| fixed length control field | 00542nam a22001937a 4500 |
| 003 - CONTROL NUMBER IDENTIFIER | |
| control field | 0 |
| 005 - DATE AND TIME OF LATEST TRANSACTION | |
| control field | 20241001153339.0 |
| 008 - FIXED-LENGTH DATA ELEMENTS--GENERAL INFORMATION | |
| fixed length control field | 241001b xxu||||| |||| 00| 0 eng d |
| 020 ## - INTERNATIONAL STANDARD BOOK NUMBER | |
| International Standard Book Number | 9780448494531 |
| 050 ## - LIBRARY OF CONGRESS CALL NUMBER | |
| Classification number | PZ 7 |
| Item number | .T128 2020 |
| 100 ## - MAIN ENTRY--PERSONAL NAME | |
| Personal name | Tahir, Sabaa, |
| Relator term | author. |
| 245 ## - TITLE STATEMENT | |
| Title | A sky beyond the storm / |
| Statement of responsibility, etc | Sabaa Tahir. |
| 260 ## - PUBLICATION, DISTRIBUTION, ETC. (IMPRINT) | |
| Place of publication, distribution, etc | New York, NY : |
| Name of publisher, distributor, etc | Razorbill, |
| Date of publication, distribution, etc | 2020. |
| 300 ## - PHYSICAL DESCRIPTION | |
| Extent | 516 p. ; |
| Other physical details | 24 cm. |
| 490 ## - SERIES STATEMENT | |
| Series statement | An ember in the ashes novel ; |
| Volume number/sequential designation | 4. |
| 650 ## - SUBJECT ADDED ENTRY--TOPICAL TERM | |
| Topical term or geographic name as entry element | Fantasy. |
| 700 ## - ADDED ENTRY--PERSONAL NAME | |
| Personal name | Roberts, Jonathan, |
| Relator term | cartographer. |
| 942 ## - ADDED ENTRY ELEMENTS (KOHA) | |
| Source of classification or shelving scheme | Library of Congress Classification |
| Koha item type | Books |
| Withdrawn status | Lost status | Source of classification or shelving scheme | Damaged status | Home library | Current library | Shelving location | Date acquired | Source of acquisition | Sub Shelving location | Total Checkouts | Full call number | Barcode | Date last seen | Price effective from | Koha item type |
|---|---|---|---|---|---|---|---|---|---|---|---|---|---|---|---|
| Library of Congress Classification | Luxembourg Library | Luxembourg Library | Fiction Section | 10/01/2024 | Library Fund | PZ 7 .T128 2020 | 21245 | 10/01/2024 | 10/01/2024 | Books |